[Event "Open"]
[Site "Pula CRO"]
[Date "2009.06.30"]
[Round "5"]
[White "Frouth,N"]
[Black "Saric,A"]
[Result "0-1"]
[WhiteElo "2200"]
[BlackElo "2502"]
[EventDate "2009.06.27"]

1. f4 d5 2. Nf3 g6 3. e3 Bg7 4. d4 Nh6 5. c4 dxc4 6. Bxc4 c5 7. d5 e6 8.
Nc3 O-O 9. O-O Nf5 10. dxe6 Bxe6 11. Bxe6 fxe6 12. Qb3 Qc8 13. Qc4 Nd6 14.
Qd3 Nf7 15. Ne4 Na6 16. Qc4 Qc6 17. Bd2 Bxb2 18. Rab1 Bg7 19. Rfc1 b6 20.
Neg5 Nxg5 21. Nxg5 Nc7 22. Bc3 Qd5 23. Qe2 Bxc3 24. Rxc3 Rad8 25. Rcc1 Qd2
26. Qf3 Qd5 27. Qh3 Qd7 28. Rd1 Qe7 29. Qg4 Rd5 30. e4 h5 31. Qg3 Rxd1+ 32.
Rxd1 Rd8 33. Qb3 Rxd1+ 34. Qxd1 Nb5 35. Qd3 Nd4 36. e5 Kg7 37. Ne4 Qh4 38.
g3 Qg4 39. Kf2 h4 40. Nf6 hxg3+ 41. hxg3 Qf5 42. Qa6 Qc2+ 43. Kf1 Qd1+ 44.
Kg2 Qe2+ 45. Qxe2 Nxe2 46. Ne4 Kf8 47. Kf3 Nd4+ 48. Ke3 Ke7 49. Kd3 Kd7 50.
Nd6 Nf5 51. Nf7 Nxg3 52. Nh8 Kc6 53. Nxg6 Nf5 54. Ke4 b5 55. Nf8 Ng7 56.
Ng6 b4 57. Nh4 a5 58. f5 Nxf5 59. Nxf5 exf5+ 60. Kxf5 Kd7 0-1

[Event "Open"]
[Site "Pula CRO"]
[Date "2009.06.30"]
[Round "5"]
[White "Plaskan,J"]
[Black "Martinovic,Sa"]
[Result "0-1"]
[WhiteElo "2185"]
[BlackElo "2483"]
[EventDate "2009.06.27"]

1. e4 c5 2. Nf3 Nc6 3. d4 cxd4 4. Nxd4 Nf6 5. Nc3 d6 6. Bc4 Qb6 7. Nxc6
bxc6 8. O-O g6 9. Be3 Qc7 10. f3 Bg7 11. Qe2 O-O 12. Kh1 Bb7 13. Rad1 Rfd8
14. Bb3 e6 15. Qf2 Qa5 16. Rfe1 e5 17. Na4 h6 18. c4 Kh7 19. Qh4 Ng8 20.
Nc3 Bf6 21. Qf2 Ne7 22. Qd2 Bg7 23. Na4 Qc7 24. Qf2 Bc8 25. Nc3 Be6 26. Rc1
Qb7 27. Na4 f5 28. Qh4 f4 29. Bd2 g5 30. Qf2 Qa6 31. Bb4 Rab8 32. Ba3 c5
33. Nc3 Nc6 34. Nb5 Qb6 35. Red1 Bf8 36. Nc3 Nd4 37. Na4 Qa6 38. Rd3 Be7
39. Qd2 Rg8 40. Rdc3 g4 41. fxg4 Rxg4 42. Bd1 f3 43. Bxf3 Qxa4 44. Bxg4
Bxg4 45. Rf1 Qe8 46. Rg3 Be2 47. Rh3 Qg6 48. Rf2 Bg5 49. Qa5 Rb7 50. Qe1
Qxe4 51. b3 Qc2 52. Rc3 Qd2 53. Qxd2 Bxd2 54. Rh3 Bg5 55. Bb2 Bg4 56. Rd3
e4 0-1

[Event "Open"]
[Site "Pula CRO"]
[Date "2009.06.30"]
[Round "5"]
[White "Nannelli,P"]
[Black "Loncar,R"]
[Result "1/2-1/2"]
[WhiteElo "2176"]
[BlackElo "2435"]
[EventDate "2009.06.27"]

1. d4 Nf6 2. Bf4 e6 3. e3 b6 4. Nf3 Bb7 5. Nbd2 Be7 6. h3 O-O 7. c3 d6 8.
Qb1 Nbd7 9. Bd3 Re8 10. e4 e5 11. Be3 Bf8 12. O-O h6 13. dxe5 dxe5 14. Rd1
Qe7 15. b4 Nh5 16. Qb3 g6 17. a4 a5 18. Bb5 Red8 19. bxa5 Rxa5 20. Nc4 Raa8
21. Bxd7 Rxd7 22. Ncxe5 Rxd1+ 23. Rxd1 Bxe4 24. Rd7 Qe6 25. Qxe6 fxe6 26.
Rxc7 Rxa4 27. Rc8 1/2-1/2

[Event "Open"]
[Site "Pula CRO"]
[Date "2009.06.30"]
[Round "5"]
[White "Ochtman,H"]
[Black "Barle,J"]
[Result "0-1"]
[WhiteElo "2171"]
[BlackElo "2411"]
[EventDate "2009.06.27"]

1. d4 Nc6 2. Nf3 d5 3. Bf4 Bg4 4. h3 Bxf3 5. exf3 e6 6. c3 Bd6 7. Qd2 Nge7
8. Bd3 O-O 9. O-O e5 10. dxe5 Nxe5 11. Na3 c6 12. Rfd1 f6 13. b4 a5 14. Nc2
axb4 15. cxb4 N7g6 16. Bxg6 hxg6 17. Qc3 Ra4 18. Be3 Nc4 19. Qb3 Qa8 20.
Bd4 Na3 21. Nxa3 Rxa3 22. Qb1 Ra4 23. a3 Kf7 24. Qb3 Re8 25. Bb2 Be5 26.
Re1 Bxb2 27. Rxe8 Qxe8 28. Qxb2 Qe5 29. Qc1 Qd4 30. g3 Qd3 31. Qe3 Qxe3 32.
fxe3 g5 33. Kf2 Ke6 34. Ke2 b6 35. Kd3 c5 36. bxc5 bxc5 37. Kc3 Kd6 38. Kb3
Ra8 39. a4 c4+ 40. Kc3 Kc5 41. a5 Re8 42. Kd2 Re7 43. a6 Ra7 44. Ra5+ Kb4
45. Rxd5 Rxa6 46. Rd7 Ra2+ 47. Kd1 Rg2 48. g4 Rf2 49. Rxg7 Rxf3 50. Rf7
Rxh3 51. Rxf6 Rg3 52. e4 Rxg4 53. e5 Re4 54. Re6 g4 55. Re8 Kc3 56. e6 Rd4+
57. Kc1 Rd6 58. Re7 Ra6 59. Kd1 g3 60. Rg7 Rxe6 61. Rxg3+ Kb2 62. Rg2+ Kb3
63. Rg7 Ra6 64. Rb7+ Kc3 65. Kc1 Ra1+ 66. Rb1 Rxb1+ 67. Kxb1 Kd2 0-1

[Event "Open"]
[Site "Pula CRO"]
[Date "2009.06.30"]
[Round "5"]
[White "Feletar,D"]
[Black "Kadric,D"]
[Result "1-0"]
[WhiteElo "2382"]
[BlackElo "2133"]
[EventDate "2009.06.27"]

1. g3 Nf6 2. Bg2 g6 3. e4 d6 4. d4 Bg7 5. Ne2 O-O 6. Nbc3 c5 7. dxc5 dxc5
8. Qxd8 Rxd8 9. Be3 Na6 10. h3 e6 11. Rd1 Rxd1+ 12. Kxd1 Ne8 13. Kc1 b6 14.
e5 Rb8 15. f4 Bb7 16. Bxb7 Rxb7 17. Rd1 Kf8 18. Ne4 Ke7 19. N2c3 Nac7 20.
Nxc5 Rb8 21. Rd7+ Kf8 22. Rxc7 1-0

[Event "Open"]
[Site "Pula CRO"]
[Date "2009.06.30"]
[Round "5"]
[White "Bebchuk,L"]
[Black "Kristovic,M"]
[Result "0-1"]
[WhiteElo "2145"]
[BlackElo "2320"]
[EventDate "2009.06.27"]

1. e4 c6 2. d4 d5 3. Nd2 dxe4 4. Nxe4 Nf6 5. Nxf6+ gxf6 6. Nf3 Bf5 7. Bd3
e6 8. Bf4 h5 9. c3 Bxd3 10. Qxd3 Bd6 11. Bg3 Qc7 12. O-O-O Nd7 13. Nd2 h4
14. Bxd6 Qxd6 15. Ne4 Qe7 16. g4 O-O-O 17. Qf3 Kb8 18. Rd2 Ka8 19. Rhd1 h3
20. Qf4 Rdg8 21. f3 Rh4 22. Qc7 Qd8 23. Qxd8+ Rxd8 24. Rg1 Kb8 25. Rg3 Kc7
26. Nf2 Rdh8 27. Kc2 Kd6 28. c4 Ke7 29. b4 b5 30. cxb5 cxb5 31. d5 Nb6 32.
d6+ Kd7 33. Ne4 Nd5 34. Kb3 Rc8 35. Rg1 Rc4 36. a3 Rh8 37. Rgd1 Rhc8 38.
Rxd5 exd5 39. Rxd5 a6 40. Nc5+ Kc6 41. d7 Rd8 42. Rf5 Rxc5 43. Rxc5+ Kd6
44. Rh5 Rxd7 45. f4 Ke6 46. Rxh3 Rd4 47. Rf3 Kd5 48. h3 Ke4 49. Rc3 Kxf4
50. Kc2 f5 51. gxf5 Kxf5 52. Rc5+ Ke4 53. h4 f5 54. Rc6 f4 55. h5 Rd5 56.
h6 Rh5 57. Kd2 Rh2+ 58. Ke1 Kf5 59. Rxa6 Kg5 60. Rb6 Rxh6 61. Rxb5+ Kg4 62.
Rc5 Kg3 63. Rg5+ Kf3 64. a4 Rh2 65. a5 Re2+ 66. Kd1 Ra2 67. Rg6 Ke3 68. Kc1
f3 69. a6 f2 70. Rf6 Rxa6 71. Rf8 f1=Q+ 72. Rxf1 Ra1+ 0-1

[Event "Open"]
[Site "Pula CRO"]
[Date "2009.06.30"]
[Round "5"]
[White "Frank,D"]
[Black "Schulze,U"]
[Result "1/2-1/2"]
[WhiteElo "2122"]
[BlackElo "2315"]
[EventDate "2009.06.27"]

1. e4 Nf6 2. e5 Nd5 3. c4 Nb6 4. d4 d6 5. exd6 cxd6 6. Nc3 g6 7. Be3 Bg7 8.
Rc1 O-O 9. b3 e6 10. Be2 Bd7 11. Nf3 Bc6 12. Qd2 Bxf3 13. Bxf3 d5 14. c5
Nc8 15. h4 Nc6 16. h5 Re8 17. hxg6 hxg6 18. Ne2 N8e7 19. Bh6 Nf5 20. Bxg7
Kxg7 21. g3 Qf6 22. Rd1 Rh8 23. Rxh8 Rxh8 24. Bg2 g5 25. a3 b6 26. b4 b5
27. Qd3 a6 28. Kf1 g4 1/2-1/2

[Event "Open"]
[Site "Pula CRO"]
[Date "2009.06.30"]
[Round "5"]
[White "Draganic,S"]
[Black "Zelic,Ml"]
[Result "1-0"]
[WhiteElo "2113"]
[BlackElo "2313"]
[EventDate "2009.06.27"]

1. d4 g6 2. Bf4 Bg7 3. e3 c5 4. c3 b6 5. Be2 Bb7 6. Bf3 d5 7. Bxb8 Rxb8 8.
Qa4+ Kf8 9. Qxa7 c4 10. Nd2 Nf6 11. Qa4 g5 12. g3 h5 13. h4 g4 14. Bg2 Rh6
15. Ne2 Kg8 16. O-O e6 17. Qc2 Qd7 18. b3 cxb3 19. axb3 Qc6 20. Rfc1 Ne4
21. Nxe4 dxe4 22. c4 Bf8 23. Ra7 f5 24. Qa2 Rh7 25. Nf4 Qd6 26. c5 bxc5 27.
dxc5 Qc6 28. b4 Bc8 29. Rxh7 Kxh7 30. Qc4 Kh6 31. Bf1 Bd7 32. b5 Qc8 33. c6
Be8 34. Qxe6+ Qxe6 35. Nxe6 Ba3 36. c7 Rc8 37. b6 Bxc1 38. b7 Bd7 39. b8=Q
Bxe6 40. Qb6 Re8 41. c8=Q 1-0

[Event "Open"]
[Site "Pula CRO"]
[Date "2009.06.30"]
[Round "5"]
[White "Stocko,J"]
[Black "Deslandes,P"]
[Result "1-0"]
[WhiteElo "2100"]
[BlackElo "2307"]
[EventDate "2009.06.27"]

1. Nf3 Nf6 2. g3 g6 3. Bg2 Bg7 4. O-O O-O 5. d3 d5 6. Nbd2 c5 7. e4 Nc6 8.
Re1 e6 9. c3 b5 10. Nf1 Bb7 11. e5 Nd7 12. Bf4 b4 13. c4 Nb6 14. Qe2 Qc7
15. h4 Rfd8 16. N1h2 dxc4 17. dxc4 Nd4 18. Nxd4 Rxd4 19. Bxb7 Qxb7 20. b3
Qc6 21. Nf3 Rd7 22. Ng5 Rad8 23. Ne4 Rd4 24. Qf3 Qc7 25. Bg5 R8d7 26. Nf6+
Kh8 27. Nxd7 Qxd7 28. Rad1 Kg8 29. Rxd4 cxd4 30. Qe4 h6 31. Bf4 1-0

[Event "Open"]
[Site "Pula CRO"]
[Date "2009.06.30"]
[Round "5"]
[White "Cela,S"]
[Black "Berke,A"]
[Result "1-0"]
[WhiteElo "2304"]
[BlackElo "2081"]
[EventDate "2009.06.27"]

1. e4 c5 2. Nf3 d6 3. c3 Nf6 4. Bd3 g6 5. Bc2 Nc6 6. O-O Bg7 7. h3 O-O 8.
Re1 e5 9. d3 h6 10. Be3 Be6 11. a3 Rc8 12. b4 cxb4 13. axb4 a6 14. Qd2 g5
15. c4 Nh5 16. Bd1 Nf4 17. Na3 f5 18. b5 axb5 19. cxb5 Ne7 20. Rb1 d5 21.
exf5 Bxf5 22. Bxf4 gxf4 23. Rb3 e4 24. Nh4 Bh7 25. Bg4 Rc7 26. dxe4 dxe4
27. Qxd8 Rxd8 28. g3 e3 29. gxf4 exf2+ 30. Kxf2 Bc3 31. Rxe7 Bd4+ 32. Ree3
Re8 33. Ng2 Rc1 34. Ke2 Bxe3 35. Nxe3 Kf8 36. Kf2 Be4 37. Nac4 Ra8 38. Rb2
Ra4 39. Ne5 Rh1 40. Nf1 Ra1 41. Nd2 Rh2+ 42. Ke3 Re1+ 43. Kd4 Bh1 44. Bf5
Ree2 45. Kc3 Rhf2 46. Nd3 Re3 47. Kd4 Rfe2 48. Bg4 Re7 49. Bxe2 Rxe2 50.
Nc4 Re4+ 51. Kc5 Bf3 52. Nce5 Be2 53. Ra2 Re3 54. Kd4 1-0

[Event "Open"]
[Site "Pula CRO"]
[Date "2009.06.30"]
[Round "5"]
[White "Luijpen,M"]
[Black "Dietmayer Kraeutler,M"]
[Result "0-1"]
[WhiteElo "2079"]
[BlackElo "2302"]
[EventDate "2009.06.27"]

1. e4 e5 2. Nf3 Nc6 3. Bb5 a6 4. Ba4 Nf6 5. O-O b5 6. Bb3 Be7 7. Qe2 d6 8.
c3 Bg4 9. d3 O-O 10. Rd1 Re8 11. Bg5 h6 12. Bh4 Nh5 13. Bxe7 Qxe7 14. Nbd2
Qf6 15. h3 Nf4 16. Qe3 Bxh3 17. g3 Ng6 18. Bd5 Nge7 19. Nh2 h5 20. Bb3 Nd8
21. Ndf3 c5 22. Rd2 Ne6 23. Rad1 Rac8 24. a3 Rc7 25. Kh1 Nf8 26. Bxf7+ Qxf7
27. Ng5 Nd5 28. exd5 Qxd5+ 29. Qe4 Be6 30. Nhf3 Qb7 31. Nxe6 Nxe6 32. Kg2
Nf8 33. Rh1 g6 34. Ng5 Kg7 35. Rh4 Ne6 36. Nxe6+ Rxe6 37. g4 Qxe4+ 38. dxe4
hxg4 39. Rxg4 a5 40. Rg3 Kf6 41. Rgd3 Ke7 42. Rh3 Kd7 43. Rh8 Rc8 44. Rh7+
Re7 45. Rh6 Rg7 46. Rd3 Rf8 47. f3 Rb8 48. Kf2 b4 49. cxb4 cxb4 50. axb4 a4
51. f4 Rxb4 52. fxe5 Rxb2+ 53. Ke3 Rb3 54. exd6 Rxd3+ 55. Kxd3 Kxd6 56. Rh8
Kc5 57. Kc3 Rc7 58. Rg8 Rc6 59. Rb8 Ra6 60. Rc8+ Kd6 61. Kd4 a3 62. Rc1 a2
63. Ra1 Ra4+ 64. Kc3 Ke5 65. Kb3 Ra6 0-1

[Event "Open"]
[Site "Pula CRO"]
[Date "2009.06.30"]
[Round "5"]
[White "Fattorich,I"]
[Black "Foldi,I2"]
[Result "1/2-1/2"]
[WhiteElo "2079"]
[BlackElo "2296"]
[EventDate "2009.06.27"]

1. d4 Nf6 2. Nf3 e6 3. Bf4 b6 4. e3 Bb7 5. Bd3 c5 6. c3 Be7 7. Nbd2 cxd4 8.
exd4 d6 9. Qe2 Nbd7 10. O-O O-O 11. Rfe1 Re8 12. h3 Bf8 13. Bb5 a6 14. Ba4
h6 15. Rad1 Qc7 16. Bc2 Qc6 17. Qc4 Qxc4 18. Nxc4 Bxf3 19. gxf3 d5 20. Ne5
Rec8 21. Kh1 Nxe5 22. dxe5 Nh5 23. Be3 Bc5 24. Rg1 Kf8 25. Rg4 Ke7 26. Rdg1
Bxe3 27. fxe3 g6 28. Rh4 Rc4 29. f4 Rac8 30. a3 b5 31. Bd3 R4c7 32. Kg2 Rh8
33. Kf3 Ng7 34. Rhg4 h5 35. R4g2 Rb8 36. Rd2 a5 37. e4 b4 38. cxb4 axb4 39.
exd5 exd5 40. a4 Ne6 41. Bb5 d4 42. Rgd1 Rc5 43. Rxd4 Nxd4+ 44. Rxd4 b3 45.
Rb4 f6 46. exf6+ Kxf6 47. Rxb3 g5 48. fxg5+ Rxg5 49. Rb4 Ke5 50. Re4+ Kd6
51. Rf4 Rbg8 52. Rh4 Ke5 53. Re4+ Kd6 54. Rh4 Ke5 55. Re4+ 1/2-1/2

[Event "Open"]
[Site "Pula CRO"]
[Date "2009.07.01"]
[Round "6"]
[White "Papp,Ga"]
[Black "Sebenik,M"]
[Result "1-0"]
[WhiteElo "2524"]
[BlackElo "2482"]
[EventDate "2009.06.27"]

1. e4 c5 2. Nf3 Nc6 3. d4 cxd4 4. Nxd4 Nf6 5. Nc3 e5 6. Ndb5 d6 7. Bg5 a6
8. Na3 b5 9. Nd5 Be7 10. Bxf6 Bxf6 11. c4 b4 12. Nc2 O-O 13. Be2 a5 14. O-O
Bg5 15. Qd3 Ne7 16. Rfd1 Bb7 17. Nxe7+ Qxe7 18. Bf3 Qc7 19. b3 Rfd8 20. g3
Qc5 21. h4 Be7 22. Rd2 a4 23. Rad1 axb3 24. axb3 g6 25. Qe2 Bc6 26. Qe1
Rdb8 27. Ne3 Ra3 28. Rd3 Ra2 29. Nd5 Bd8 30. R1d2 Rba8 31. Kg2 Ra1 32. Qe3
Bxd5 33. Qxc5 dxc5 34. Rxd5 Bf6 35. Rxc5 Rb1 36. Bd1 Raa1 37. Rcd5 Rc1 38.
Kf3 h5 39. Ke2 g5 40. hxg5 Bxg5 41. f4 Bf6 42. fxe5 Bg5 43. e6 1-0

[Event "Open"]
[Site "Pula CRO"]
[Date "2009.07.01"]
[Round "6"]
[White "Jovanic,O"]
[Black "Ljubicic,F"]
[Result "0-1"]
[WhiteElo "2539"]
[BlackElo "2406"]
[EventDate "2009.06.27"]

1. d4 Nf6 2. c4 e6 3. Nc3 Bb4 4. e3 O-O 5. Nge2 d5 6. a3 Be7 7. cxd5 exd5
8. b4 Nbd7 9. Ng3 Nb6 10. Be2 Bd6 11. O-O Re8 12. Rb1 Qe7 13. Bd2 Bd7 14.
Nb5 Bxg3 15. hxg3 Ne4 16. Rc1 Bxb5 17. Bxb5 c6 18. Bd3 a6 19. Be1 Nd6 20.
Qc2 h6 21. a4 Nbc4 22. a5 Qg5 23. Bd2 Nxd2 24. Qxd2 Ne4 25. Bxe4 Rxe4 26.
Rc3 Rae8 27. Re1 R4e6 28. Kh2 Rg6 29. Rh1 Re4 30. Kg1 Rg4 31. Rh3 h5 32. f4
Qe7 33. Qe1 h4 34. Rxh4 Rxg3 35. Rh2 Qxb4 36. Rc1 Qb2 37. Kh1 Rxg2 38. Rh3
Re2 39. Qf1 Rf2 40. Qe1 Rgg2 41. Rb1 Rh2+ 42. Kg1 Rfg2+ 43. Kf1 Rg1+ 44.
Kxg1 Qg2+ 0-1

[Event "Open"]
[Site "Pula CRO"]
[Date "2009.07.01"]
[Round "6"]
[White "Saric,A"]
[Black "Smith,Ax"]
[Result "1-0"]
[WhiteElo "2502"]
[BlackElo "2383"]
[EventDate "2009.06.27"]

1. c4 Nf6 2. Nf3 g6 3. Nc3 d5 4. cxd5 Nxd5 5. g3 Bg7 6. Bg2 c5 7. O-O Nc6
8. Nxd5 Qxd5 9. d3 O-O 10. a3 Qd6 11. Rb1 Rd8 12. Bf4 e5 13. Be3 b6 14. Nd2
Bb7 15. b4 cxb4 16. axb4 Qe7 17. b5 Nd4 18. Bxd4 Rxd4 19. Bxb7 Qxb7 20. Qb3
Rd7 21. Ne4 Kh8 22. Rfc1 f5 23. Ng5 Bh6 24. h4 Bxg5 25. hxg5 Qd5 26. Qxd5
Rxd5 27. Rc7 e4 28. Kg2 exd3 29. exd3 Rad8 30. Rxa7 Rxd3 31. Rc1 R8d7 32.
Rc8+ Kg7 33. Rcc7 Rxc7 34. Rxc7+ Kf8 35. Rc6 Rb3 36. Rxb6 Ke7 37. Rb7+ Ke6
38. Rxh7 f4 39. gxf4 Rxb5 40. Rg7 Kf5 41. Rf7+ Kg4 42. f3+ Kh5 43. Rh7+ 1-0

[Event "Open"]
[Site "Pula CRO"]
[Date "2009.07.01"]
[Round "6"]
[White "Schachinger,M"]
[Black "Saric,Iv"]
[Result "0-1"]
[WhiteElo "2350"]
[BlackElo "2576"]
[EventDate "2009.06.27"]

1. e4 c5 2. Nf3 d6 3. d4 cxd4 4. Nxd4 Nf6 5. Nc3 a6 6. Be3 e6 7. f3 b5 8.
Qd2 Nbd7 9. O-O-O Bb7 10. g4 Nb6 11. Qf2 Nfd7 12. Kb1 Rc8 13. h4 Rxc3 14.
bxc3 Na4 15. Bd2 Qc7 16. Qe1 d5 17. Rh3 Bd6 18. exd5 Bxd5 19. Nf5 O-O 20.
Nxd6 Qxd6 21. Bc1 Rc8 22. f4 Qc6 23. Rd4 Ndb6 24. Bd2 a5 25. Qc1 Qc5 26. a3
h6 27. Re3 Bc4 28. Re5 Nd5 29. Rdxd5 exd5 30. Bg2 Qd6 31. g5 d4 32. cxd4
Qxd4 33. Be4 b4 34. axb4 axb4 35. g6 Nc3+ 36. Bxc3 bxc3 37. gxf7+ Bxf7 0-1

[Event "Open"]
[Site "Pula CRO"]
[Date "2009.07.01"]
[Round "6"]
[White "Zelcic,R"]
[Black "Brumen,D"]
[Result "1/2-1/2"]
[WhiteElo "2555"]
[BlackElo "2355"]
[EventDate "2009.06.27"]

1. e4 c5 2. Nf3 Nc6 3. d4 cxd4 4. Nxd4 Nf6 5. Nc3 d6 6. Bg5 e6 7. Qd3 a6 8.
O-O-O Be7 9. f4 Nxd4 10. Qxd4 b5 11. Bxf6 gxf6 12. Kb1 Bd7 13. f5 Qa5 14.
Ne2 Rc8 15. Qd3 Qc7 16. g3 a5 17. fxe6 fxe6 18. Bh3 Qc4 19. Qd2 a4 20. Nf4
b4 21. Rhe1 Rb8 22. e5 fxe5 23. Rxe5 b3 24. cxb3 axb3 25. axb3 Qxb3 26. Re3
Qb4 27. Bxe6 Qxd2 28. Rxd2 Bxe6 29. Nxe6 Kd7 30. Nc5+ Kc6 31. Rxe7 dxc5 32.
Re5 Rhd8 33. Rxd8 Rxd8 34. Kc2 Rf8 35. Rh5 Rf7 36. g4 Kb5 37. Rf5 Re7 38.
Kd3 Kb4 39. h4 c4+ 40. Kd4 Re2 41. Rf7 Rg2 42. Rb7+ Ka4 43. Rg7 Kb3 44. h5
h6 45. Rg6 Rg1 46. Kd5 Rg2 47. Rxh6 Rxg4 48. Rb6+ Ka4 49. h6 Rh4 50. Kc5
Ka5 51. Rf6 Ka4 52. Kd5 Ka5 53. Kc5 Ka4 54. Ra6+ Kb3 55. Rb6+ Ka4 56. Kd5
Ka5 57. Rc6 Kb4 58. Ke5 Kb5 59. Rg6 Rh2 60. Kf4 Rxb2 61. Kg3 Rb1 62. Kh2
Rb2+ 63. Kh3 Rb1 64. Kg2 Rb2+ 65. Kg3 Rb1 66. Rg5+ Ka4 67. Rh5 Rb8 68. h7
Rh8 69. Kf3 Kb3 70. Rb5+ Kc2 71. Rb7 c3 72. Rg7 Rf8+ 73. Ke4 Re8+ 74. Kd5
Rd8+ 75. Ke6 Rh8 76. Kf5 Kb2 77. Rb7+ Kc1 78. Ke4 1/2-1/2

[Event "Open"]
[Site "Pula CRO"]
[Date "2009.07.01"]
[Round "6"]
[White "Gergacz,A"]
[Black "Jankovic,A"]
[Result "0-1"]
[WhiteElo "2323"]
[BlackElo "2540"]
[EventDate "2009.06.27"]

1. e4 c5 2. Nf3 Nc6 3. Bb5 e6 4. O-O Nge7 5. Re1 a6 6. Bxc6 Nxc6 7. d4 cxd4
8. Nxd4 d6 9. Nc3 Bd7 10. Nxc6 bxc6 11. e5 d5 12. Qg4 h5 13. Qe2 h4 14. h3
f5 15. exf6 gxf6 16. f4 Qb6+ 17. Be3 d4 18. Bf2 Be7 19. Qe4 Kf7 20. Qxd4
Qxd4 21. Bxd4 c5 22. Be3 Bc6 23. Kh2 Rhg8 24. Rg1 Rg3 25. Rae1 Rag8 26. Re2
f5 27. Bd2 c4 28. Nd1 Bd6 29. b4 Bb8 30. a4 e5 31. Ne3 exf4 32. Nxf5 f3 33.
Re7+ Kf6 34. Bc3+ Kxf5 0-1

[Event "Open"]
[Site "Pula CRO"]
[Date "2009.07.01"]
[Round "6"]
[White "Kristovic,M"]
[Black "Drazic,S"]
[Result "1/2-1/2"]
[WhiteElo "2320"]
[BlackElo "2533"]
[EventDate "2009.06.27"]

1. e4 c5 2. Nf3 e6 3. c3 a6 4. a4 Nc6 5. Be2 d5 6. d3 Nf6 7. Qc2 Be7 8. O-O
O-O 9. Re1 Qc7 10. h3 b6 11. Nbd2 Bb7 12. Nf1 Rac8 13. Bg5 Rfd8 14. Ng3 h6
15. Bxf6 Bxf6 16. exd5 Rxd5 17. Bf1 g6 18. Ne4 Bg7 19. Nfd2 Qd8 20. Nc4 Ne5
21. a5 Nxc4 22. dxc4 Rd7 23. axb6 Bxe4 24. Qxe4 Qxb6 25. Qc2 Rcd8 26. Re2
h5 27. Qa4 Rd2 28. Ra2 Rxe2 29. Bxe2 Rd2 30. b4 Rxa2 31. Qxa2 Bxc3 32. bxc5
Qa5 33. Qxa5 Bxa5 34. Kf1 Kf8 35. c6 Bc7 36. Bd1 a5 37. Ke2 Ke7 38. Kd3 h4
39. c5 f5 40. Kc4 e5 41. f3 Kf6 42. Kd5 Kf7 43. Bc2 Ke7 44. Bd1 Kf6 45. Bc2
g5 46. Bd1 Ke7 47. Bc2 Kf6 48. Bd1 1/2-1/2

[Event "Open"]
[Site "Pula CRO"]
[Date "2009.07.01"]
[Round "6"]
[White "Sandhu,M"]
[Black "Cvitan,O"]
[Result "0-1"]
[WhiteElo "2292"]
[BlackElo "2523"]
[EventDate "2009.06.27"]

1. Nf3 Nf6 2. c4 g6 3. g3 Bg7 4. Bg2 d5 5. cxd5 Nxd5 6. Nc3 Nc6 7. O-O O-O
8. Nxd5 Qxd5 9. d3 a5 10. Ng5 Qb5 11. Ne4 a4 12. Nc3 Qa5 13. Bd2 a3 14. Nd5
axb2 15. Rb1 Qxa2 16. Nxc7 Be6 17. Nxe6 Qxe6 18. e3 Ra1 19. d4 Rxb1 20.
Qxb1 Qb3 21. Be4 Nb4 22. Qd1 Qa3 23. Qe2 Na2 24. Qc4 e5 25. d5 b5 26. Qxb5
Nc3 27. Bxc3 Qxc3 28. Bb1 Qd2 29. Qd3 Qxd3 30. Bxd3 Rc8 31. g4 Bf8 32. Rb1
Rc3 33. Be4 Rc4 34. f3 Ba3 35. Kf2 Rc1 36. g5 Kf8 37. Ke2 Ke7 38. Kd2 Kd6
39. h4 Kc5 40. Ke2 Kd6 41. Kd2 Bb4+ 42. Ke2 Bc3 43. Kf2 Be1+ 0-1

[Event "Open"]
[Site "Pula CRO"]
[Date "2009.07.01"]
[Round "6"]
[White "Dietmayer Kraeutler,M"]
[Black "Tratar,M"]
[Result "0-1"]
[WhiteElo "2302"]
[BlackElo "2488"]
[EventDate "2009.06.27"]

1. d4 g6 2. c4 Bg7 3. Nc3 c5 4. d5 Bxc3+ 5. bxc3 f5 6. g3 Qa5 7. Qb3 Nf6 8.
Bg2 d6 9. Nf3 h6 10. O-O Nbd7 11. Nd2 Nb6 12. e4 Qa4 13. Re1 Ng4 14. h3 Ne5
15. f4 Nd3 16. Re3 Nxc1 17. Rxc1 Qxb3 18. axb3 fxe4 19. Bxe4 Kf7 20. Rce1
Re8 21. b4 Bxh3 22. bxc5 dxc5 23. d6 Rad8 24. Bxb7 exd6 25. Ne4 Kf8 26. Bc6
Re7 27. Kf2 Nxc4 28. Rd3 Bf5 29. Rdd1 Bxe4 30. Bxe4 g5 31. Kf3 Rde8 32.
fxg5 hxg5 33. Rd5 Re5 34. Rxe5 Rxe5 35. Rd1 Ke7 36. Bd3 Re3+ 37. Kf2 Nb2
38. Kxe3 Nxd1+ 39. Kf3 Nxc3 40. Kg4 Kf6 0-1

[Event "Open"]
[Site "Pula CRO"]
[Date "2009.07.01"]
[Round "6"]
[White "Fercec,N"]
[Black "Pomaro,A"]
[Result "1-0"]
[WhiteElo "2478"]
[BlackElo "2278"]
[EventDate "2009.06.27"]

1. e4 c5 2. Nf3 d6 3. d4 cxd4 4. Nxd4 Nf6 5. Nc3 a6 6. Bg5 e6 7. f4 Qc7 8.
Bxf6 gxf6 9. Be2 Nc6 10. Qd3 Rg8 11. g3 Bd7 12. O-O-O O-O-O 13. Kb1 Kb8 14.
Bh5 Rg7 15. Nb3 Bc8 16. Qe3 b5 17. a3 Rg8 18. Rd2 Bh6 19. Qe2 Bb7 20. Rhd1
Rd7 21. Nc5 Rdd8 22. Nxb7 Kxb7 23. a4 bxa4 24. Nxa4 Qa5 25. b3 Qc7 26. Qc4
Bf8 27. c3 Rg7 28. Be2 Qa5 29. Ra2 1-0

[Event "Open"]
[Site "Pula CRO"]
[Date "2009.07.01"]
[Round "6"]
[White "Franic,M"]
[Black "Fucak,E"]
[Result "0-1"]
[WhiteElo "2421"]
[BlackElo "2272"]
[EventDate "2009.06.27"]

1. d4 Nf6 2. c4 e6 3. Nc3 Bb4 4. e3 O-O 5. Bd3 d5 6. Nf3 c5 7. O-O Nbd7 8.
a3 cxd4 9. exd4 dxc4 10. Bxc4 Be7 11. Qe2 Nb6 12. Ba2 Bd7 13. Ne5 Bc6 14.
Rd1 Nbd5 15. Rd3 Rc8 16. Rg3 g6 17. h4 Nxc3 18. bxc3 Bd5 19. c4 Be4 20. Bb2
b5 21. Re3 Ba8 22. d5 exd5 23. cxb5 Bc5 24. h5 Bxe3 25. Qxe3 Rc2 26. Bd4
Re8 27. Qf4 Re6 28. Bb3 Rc7 29. hxg6 hxg6 30. Qh4 Qe7 31. Nf3 Nh5 32. Qh2
Re4 33. Rd1 f6 34. g3 Qxa3 35. Rd3 Qc1+ 36. Kg2 Qb1 37. g4 Rxg4+ 38. Kh3
Qxd3 39. Kxg4 Qe4+ 0-1

[Event "Open"]
[Site "Pula CRO"]
[Date "2009.07.01"]
[Round "6"]
[White "Frank,Pa"]
[Black "Nester,I"]
[Result "1/2-1/2"]
[WhiteElo "2249"]
[BlackElo "2390"]
[EventDate "2009.06.27"]

1. Nf3 Nf6 2. d4 d5 3. g3 c5 4. Bg2 cxd4 5. O-O g6 6. Nxd4 Bg7 7. c4 dxc4
8. Qa4+ Nbd7 9. Qxc4 O-O 10. Rd1 a6 11. Nc3 Qa5 12. Nb3 Qh5 13. Qc7 a5 14.
h3 a4 15. g4 Qh4 16. Nd2 Ne8 17. Qc4 Ne5 18. Qf4 f5 19. Nf3 Nxf3+ 20. exf3
Nd6 21. Qg5 Bf6 22. Qxh4 Bxh4 23. Nd5 fxg4 24. hxg4 Ra5 25. Rd3 Be6 26. Ne3
Bf6 27. Bf1 a3 28. Nd1 axb2 29. Bxb2 Bxb2 30. Nxb2 Rxa2 31. Rxa2 Bxa2 32.
Na4 b5 33. Nc3 Bc4 34. Re3 Bxf1 35. Kxf1 Kf7 36. Nd5 Re8 37. f4 e6 38. Nb4
Rc8 39. Rh3 Kg7 40. Rd3 Nf7 41. Rd7 Rd8 42. Rb7 Rd4 43. Nc6 Rxf4 44. Nd8
Kf6 45. Rxf7+ Ke5 46. Rxh7 Rxg4 47. Re7 Kd6 48. Rxe6+ Kd7 49. Rb6 Kxd8
1/2-1/2

[Event "Open"]
[Site "Pula CRO"]
[Date "2009.07.01"]
[Round "6"]
[White "Schmidt Schaeffer,S"]
[Black "Sevo,I"]
[Result "1-0"]
[WhiteElo "2382"]
[BlackElo "2234"]
[EventDate "2009.06.27"]

1. f4 g6 2. Nf3 Bg7 3. d4 c5 4. e3 cxd4 5. exd4 Nf6 6. Bd3 Qb6 7. c3 d6 8.
Nbd2 O-O 9. O-O Nd5 10. Nc4 Qc7 11. Ng5 h6 12. Ne4 Bf5 13. Qe2 Nd7 14. g4
Bxe4 15. Qxe4 N5f6 16. Qxe7 d5 17. Ne3 Rfe8 18. Qb4 g5 19. Qb3 Nb6 20. Qd1
Ne4 21. Nf5 f6 22. Qf3 Re6 23. Qh3 Kf7 24. fxg5 hxg5 25. Qh7 Kf8 26. Nh6
1-0

[Event "Open"]
[Site "Pula CRO"]
[Date "2009.07.01"]
[Round "6"]
[White "Guenthner,O"]
[Black "Feletar,D"]
[Result "1/2-1/2"]
[WhiteElo "2248"]
[BlackElo "2382"]
[EventDate "2009.06.27"]

1. Nf3 c5 2. c4 Nf6 3. g3 d5 4. cxd5 Nxd5 5. Bg2 Nc6 6. d4 e6 7. O-O Be7 8.
dxc5 Bxc5 9. a3 Be7 10. b4 O-O 11. Bb2 Bf6 12. Qc2 Bd7 13. e4 Bxb2 14. Qxb2
Nb6 15. Nc3 Nc4 16. Qb3 N4e5 17. Nxe5 Nxe5 18. Rfd1 Qb6 19. a4 a5 20. b5
Rfc8 21. Ne2 Rc7 22. Rd2 Rac8 23. Rad1 Be8 24. h3 h6 25. Bf1 Rc4 26. Rd4
Rc3 27. Nxc3 Nf3+ 28. Kg2 Nxd4 29. Qb2 Qc5 30. Ne2 Nc2 31. Nf4 b6 32. e5
Kf8 33. Kg1 Nb4 34. Rd6 Kg8 35. Nd3 Nxd3 36. Rxd3 Kf8 37. Re3 1/2-1/2

[Event "Open"]
[Site "Pula CRO"]
[Date "2009.07.01"]
[Round "6"]
[White "Biti,O"]
[Black "Draganic,S"]
[Result "1-0"]
[WhiteElo "2356"]
[BlackElo "2113"]
[EventDate "2009.06.27"]

1. e4 c6 2. d4 d5 3. exd5 cxd5 4. Bd3 Nc6 5. c3 Nf6 6. Bf4 e6 7. Nd2 Bd6 8.
Bxd6 Qxd6 9. Ngf3 O-O 10. O-O e5 11. dxe5 Nxe5 12. Nxe5 Qxe5 13. Re1 Qc7
14. Qa4 Bd7 15. Qd4 Rfe8 16. Rxe8+ Bxe8 17. Re1 b6 18. Re5 Bc6 19. Re3 Re8
20. Rxe8+ Bxe8 21. f3 Kf8 22. Qe3 Qe7 23. Kf2 Qxe3+ 24. Kxe3 Ke7 25. Kd4
Kd6 26. b4 h6 27. f4 Bc6 28. Nf3 Nd7 29. Ne5 Nxe5 30. fxe5+ Ke6 31. Be2 f6
32. Bg4+ Ke7 33. Bf3 Ke6 34. exf6 gxf6 35. c4 Kd6 36. Bxd5 Ba4 37. c5+
bxc5+ 38. bxc5+ Kd7 39. Ke4 Ke7 40. Kf5 Be8 41. h4 a5 42. a3 Bh5 43. Bf3
Be8 44. c6 a4 45. c7 Bd7+ 46. Kg6 1-0